Διαχείριση απορριμάτων : τεχνοοικονομική ανάλυση πλοίου μεταφοράς απορριμάτων
Αποθηκεύτηκε σε:
| Κύριος συγγραφέας: | |
|---|---|
| Συγγραφή απο Οργανισμό/Αρχή: | |
| Άλλοι συγγραφείς: | |
| Μορφή: | Thesis Βιβλίο |
| Γλώσσα: | Greek |
| Δημοσίευση: |
2009
|
| Θέματα: | |
| Διαθέσιμο Online: | http://hdl.handle.net/11610/12884 |
| Ετικέτες: |
Προσθήκη ετικέτας
Δεν υπάρχουν, Καταχωρήστε ετικέτα πρώτοι!
|
MARC
| LEADER | 00000cam a2200000 i 4500 | ||
|---|---|---|---|
| 001 | 1/14649 | ||
| 008 | 110812s2009 gre d | ||
| 035 | |l 10110661 | ||
| 040 | |a GR-MY-UA |b gre |e aacr | ||
| 041 | 0 | |a gre | |
| 082 | 0 | |a 363.728 |2 (22) | |
| 100 | 1 | |a Κοντού, Ναυσικά-Ιόλη-Λιλή. | |
| 245 | 1 | 0 | |a Διαχείριση απορριμάτων : |b τεχνοοικονομική ανάλυση πλοίου μεταφοράς απορριμάτων / |c Κοντού Ναυσικά-Ιόλη-Λιλή ; επιβλέπων: Νικητάκος Νικήτας |
| 260 | |c 2009 | ||
| 300 | |a 292 σ.; |b διαγρ.; |c 30 εκ. | ||
| 502 | |a Διατριβή (μεταπτυχιακή) – Πανεπιστήμιο Αιγαίου, Χίος, 2009. | ||
| 504 | |a Περιλαμβάνει βιβλιογραφία | ||
| 650 | 0 | 0 | |a Sewage disposal. |
| 650 | 0 | 0 | |a Refuse and refuse disposal. |
| 650 | 0 | 0 | |a Dissertations, Academic |z Greece. |
| 700 | 1 | |4 ths |a Νικητάκος, Νικήτας. | |
| 710 | 1 | |a Πανεπιστήμιο Αιγαίου |b Σχολή Επιστημών της Διοίκησης |b Τμήμα Ναυτιλίας και Επιχειρηματικών Υπηρεσιών |b Πρόγραμμα Μεταπτυχιακών Σπουδών "Ναυτιλία, Μεταφορές και Διεθνές Εμπόριο - ΝΑ.Μ.Ε.". | |
| 852 | |a INST |b CHIOS |c DIATR |e 20110812 |h 363.728 ΚΟΝ |p 005200032338 |q 005200032338 |t MTXE |y 23 | ||
| 852 | |a INST |b CHIOS |c DIATR |e 20110812 |h 363.728 ΚΟΝ |p 005200032339 |q 005200032339 |t MTXE |y 23 | ||
| 856 | |u http://hdl.handle.net/11610/12884 | ||
| 901 | |a BIBL2-2011-2 | ||
| 909 | |a Χ |b 148526 | ||
| 909 | |a Χ |b 148527 | ||
| 924 | |a ΚΟΝΤΟΥ |b ΝΑΥΣΙΚΑ-ΙΟΛΗ-ΛΙΛΗ |y ΧΙΟΣ |z 2009-11 | ||
| 970 | |a ΠΑΡΟΙΚΑΚΗ |b ΒΑΣΙΛΙΚΗ |z 2011/08/12 | ||